Plant life / (Record no. 150718)

MARC details
000 -LEADER
campo de control de longitud fija 00432nam a2200157 i 4500
001 - NÚMERO DE CONTROL
campo de control 150718
003 - IDENTIFICADOR DE NÚMERO DE CONTROL
campo de control ES-MaACL
005 - FECHA Y HORA DE LA ÚLTIMA TRANSACCIÓN
campo de control 20230906203647.0
007 - CAMPO FIJO DE DESCRIPCIÓN FÍSICA--INFORMACIÓN GENERAL
campo de control de longitud fija t|
008 - DATOS DE LONGITUD FIJA--INFORMACIÓN GENERAL
campo de control de longitud fija 071106q19101919xxk ||||1| eng d
100 1# - ENTRADA PRINCIPAL--NOMBRE DE PERSONA
Nombre de persona Farmer, J. Bretland.
9 (RLIN) 48874
245 10 - MENCIÓN DEL TÍTULO
Título Plant life /
Mención de responsabilidad, etc. by J. Bretland Farmer.
260 ## - PUBLICACIÓN, DISTRIBUCIÓN, ETC.
Lugar de publicación, distribución, etc. London :
Nombre del editor, distribuidor, etc. Williams and Norgate,
Fecha de publicación, distribución, etc. [191-?]
300 ## - DESCRIPCIÓN FÍSICA
Extensión VIII, 256 p. :
Otras características físicas il. ;
Dimensiones 17 cm.
852 ## - LOCALIZACIÓN
Ubicación ES-MaACL
Número de control de estantería C-2728
Holdings
Estatus retirado Estado de pérdida Estado de daño No para préstamo Biblioteca de origen Biblioteca actual Ubicación en estantería Fecha de adquisición Fuente de adquisición Total de préstamos Signatura topográfica completa Código de barras Visto por última vez Precio de reemplazo Tipo de ítem Koha
        Biblioteca del Ateneo de Madrid Biblioteca del Ateneo de Madrid Sala Palomar 17/01/2008     C-2728 1157267 23/02/2023 23/02/2023 Libro impreso